The fortifications of ancient Israel and Judah, 1200-586 BC / Samuel Rocca.

محفوظ في:

المؤلف الرئيسي: Rocca, Samuele, 1968-

مؤلفون آخرون: Hook, Adam.

التنسيق: كتاب

اللغة: English

منشور في: Oxford ; Long Island City, NY : Osprey, 2010.

سلاسل: Fortress ; 91.

الموضوعات:

الوسوم: إضافة وسم

لا توجد وسوم, كن أول من يضع وسما على هذه التسجيلة!

رقم الطلب: UG435 .I22 R88

LEADER 00883nam a22002537a 4500
003 OSt
005 20251201082342.0
008 251201t2010 enkab b 001 0 eng d
020 |a 9781846035081 (pbk.) 
040 |c ARCE Library 
050 1 4 |a UG435 .I22  |b R88 
100 1 |a Rocca, Samuele,   |d 1968- 
245 1 4 |a The fortifications of ancient Israel and Judah, 1200-586 BC /   |b Samuel Rocca. 
264 1 |a Oxford ;   |a Long Island City, NY :   |b Osprey,   |c 2010. 
300 |a 64 p. :   |b ill. (some col.), col. maps ;   |c 25 cm. 
490 0 |a Fortress ;   |v 91. 
504 |a Includes bibliographical references (p. 63) and index. 
650 0 |a Fortification -- Israel -- History -- To 1500. 
650 0 |a Fortification -- Judaea (Region) -- History -- To 1500. 
651 0 |a Judaea (Region) -- Antiquities. 
700 1 |a Hook, Adam. 
901 |a reviewed 
942 |2 lcc  |c BK 
999 |c 49468  |d 49468